| 000 | 00580nam a2200205 a 4500 | ||
|---|---|---|---|
| 001 | 000035483 | ||
| 005 | 20200930074357.0 | ||
| 008 | 111101s2000 sp ac 000 0 spa d | ||
| 020 | _a8434220857 | ||
| 035 | _a8434220857 | ||
| 040 |
_aDO-SdBNP _bspa _cBNPHU |
||
| 082 |
_axxxx _bC735 |
||
| 245 | 0 | 0 |
_aCómo reconocer estilos. / _credacción Albert Rovira Sumalla. |
| 250 | _a3a ed. | ||
| 260 |
_aBarcelona : _bParramón, _c2000. |
||
| 300 |
_a95 p. ; _c23 cm. |
||
| 490 | 1 | _aManuales Parramón | |
| 700 | 1 |
_aRovira Sumalla, Albert _961360 |
|
| 830 | 0 |
_aManuales Parramón _961361 |
|
| 999 |
_c34974 _d34974 |
||